Computers in education (Record no. 189904)
[ view plain ]
| 000 -LEADER | |
|---|---|
| campo de control de longitud fija | 01422nam a2200253 i 4500 |
| 001 - NÚMERO DE CONTROL | |
| campo de control | 189904 |
| 003 - IDENTIFICADOR DE NÚMERO DE CONTROL | |
| campo de control | ES-MaACL |
| 005 - FECHA Y HORA DE LA ÚLTIMA TRANSACCIÓN | |
| campo de control | 20230906223603.0 |
| 008 - DATOS DE LONGITUD FIJA--INFORMACIÓN GENERAL | |
| campo de control de longitud fija | 191223s1975 ne ad |||| | eng d |
| 111 2# - ENTRADA PRINCIPAL--NOMBRE DE CONGRESO/REUNIÓN | |
| Nombre de congreso/reunión o jurisdicción como elemento de entrada | World Conference on Computers in Education ( |
| Número del congreso/reunión o número de parte o sección | 2ª. |
| Fecha del congreso o de la firma del tratado | 1975. |
| Sede del congreso/Lugar de la reunión | Marsella) |
| 9 (RLIN) | 169236 |
| 245 10 - MENCIÓN DEL TÍTULO | |
| Título | Computers in education |
| Resto del título | = Informatique et enseignement : IFIP 2nd World Conference = IFIP 2ème Conférence Internationale : conference edition / |
| Mención de responsabilidad, etc. | edited by O. Lecarme, R. Lewis ; organized by = organisée par l'Association française pour la cybernétique économique et technique (A.F.C.E.T.) ; with the assistance of = avec le concours de la Direction Générale de l'Industrie (DGI-MIPI) and Intergovernmental Bureau for Informatics (I.B.I.). |
| 246 31 - FORMA VARIANTE DEL TITULO | |
| Título propio/Titulo breve | Informatique et enseignement |
| 260 ## - PUBLICACIÓN, DISTRIBUCIÓN, ETC. | |
| Lugar de publicación, distribución, etc. | Amsterdam : |
| Nombre del editor, distribuidor, etc. | North-Holland, |
| Fecha de publicación, distribución, etc. | [1975] |
| 300 ## - DESCRIPCIÓN FÍSICA | |
| Extensión | 1 t. en 2 v. (1011 p.) : |
| Otras características físicas | il., gráf. ; |
| Dimensiones | 26 cm. |
| 500 ## - NOTA GENERAL | |
| Nota general | Índice. |
| 504 ## - NOTA DE BIBLIOGRAFÍA, ETC. | |
| Nota de bibliografía, etc. | Referencias bibliográficas. |
| 505 8# - NOTA DE CONTENIDO CON FORMATO | |
| Nota de contenido con formato | Contiene: 1 ; |
| Título | Part. 1 - 2 ; |
| -- | Part. 2 |
| 546 ## - NOTA DE IDIOMA | |
| Nota de lengua/lenguaje | Textos en francés e inglés. |
| 650 #4 - PUNTO DE ACCESO ADICIONAL DE MATERIA--TÉRMINO DE MATERIA | |
| Término de materia o nombre geográfico como elemento de entrada | Enseñanza asistida por ordenador- |
| Subdivisión de forma | Congresos y asambleas. |
| 9 (RLIN) | 12301 |
| 700 1# - ENTRADA AGREGADA--NOMBRE PERSONAL | |
| Nombre de persona | Lecarme, O. |
| 9 (RLIN) | 169237 |
| 700 1# - ENTRADA AGREGADA--NOMBRE PERSONAL | |
| Nombre de persona | Lewis, R. |
| 9 (RLIN) | 169238 |
| 710 2# - ENTRADA AGREGADA--NOMBRE DE ENTIDAD CORPORATIVA | |
| Nombre de entidad corporativa o nombre de jurisdicción como elemento de entrada | Association française pour la cybernétique économique et technique. |
| 9 (RLIN) | 169239 |
| 852 ## - LOCALIZACIÓN | |
| Ubicación | ES-MaACL |
| Número de control de estantería | L-32487-88 |
| Nota libre | . - Donat. Ernesto García Camarero (Sello: Archivo E.G.C.) |
| Estatus retirado | Estado de pérdida | Estado de daño | No para préstamo | Biblioteca de origen | Biblioteca actual | Ubicación en estantería | Fecha de adquisición | Fuente de adquisición | Total de préstamos | Signatura topográfica completa | Código de barras | Visto por última vez | Precio de reemplazo | Tipo de ítem Koha |
|---|---|---|---|---|---|---|---|---|---|---|---|---|---|---|
| Biblioteca del Ateneo de Madrid | Biblioteca del Ateneo de Madrid | Depósito 2 | 23/12/2019 | L-32487-88 | 1201438 | 23/02/2023 | 23/02/2023 | Libro impreso |
